Statistics for Countries with the highest elevation

Click here to take the quiz!

General Stats

  • This quiz has been taken 33 times
  • The average score is 25 of 30

Answer Stats

Elevation(ft)Country% Correct
22,835ftArgentina
100%
24,836ftBhutan
100%
19,551ftCanada
100%
22,615ftChile
100%
29,029ftChina
100%
28,169ftIndia
100%
29,029ftNepal
100%
22,205ftPeru
100%
18,701ftColombia
96%
28,251ftPakistan
96%
18,510ftRussia
96%
20,310ftUnited States
96%
21,463ftBolivia
92%
20,561ftEcuador
92%
18,491ftMexico
92%
19,295ftMyanmar
88%
24,580ftAfghanistan
83%
15,781ftFrance
79%
24,406ftKyrgyzstan
79%
24,590ftTajikistan
79%
19,331ftTanzania
79%
22,999ftKazakhstan
75%
16,854ftTurkey
75%
16,332ftVenezuela
75%
18,406ftIran
71%
17,057ftKenya
67%
16,762ftUganda
63%
16,024ftIndonesia
54%
17,064ftGeorgia
50%
16,762ftDR Congo
42%

Score Distribution

Percentile by Number Answered

Percent of People with Each Score

Your Score History

You have not taken this quiz